000
00205nam a22001097a 4500
100
_a
Rohit
245
_a
Business studies XII
250
_a
2013
260
_b
Rohit Pub.
300
_a
98
942
_2
ddc
_c
BK
999
_c
12927
_d
12927